Statistics for Breaking Bad Characters Quiz

Click here to take the quiz!

General Stats

  • This quiz has been taken 138 times
  • The average score is 16 of 24

Answer Stats

HintAnswer% Correct
Skyler White
99%
Walter White
99%
Gustavo Fring
97%
Hank Schrader
97%
Walter White JR
96%
Jesse Pinkman
94%
Mike Ehrmantraut
94%
Marie Schrader
92%
Tuco Salamanca
91%
Saul Goodman
85%
Badger
79%
Skinny Pete
71%
Jane Margolis
69%
Todd
69%
Lydia Rodarte-Quayle
58%
Victor
49%
Gale Boetticher
48%
Ted Beneke
47%
Andrea Cantillo
45%
Steven Gomez
45%
Huell
41%
Krazy-8
33%
Tio Salamanca
31%
Donald Margolis
9%

Score Distribution

Percentile by Number Answered

Percent of People with Each Score

Your Score History

You have not taken this quiz